Statistics for EU Capitals - Map Quiz

Click here to take the quiz!

General Stats

  • This quiz has been taken 2,048 times
    (1,981 since last reset)
  • The average score is 22 of 27

Answers on the Map

Answers color-coded by a green-red scale on the quiz's map according to % correct below.
 

Answer Stats

Answer% Correct
Paris
96%
Madrid
95%
Dublin
94%
Lisbon
93%
Athens
92%
Rome
92%
Amsterdam
91%
Luxembourg
91%
Berlin
90%
Brussels
89%
Copenhagen
85%
Warsaw
84%
Helsinki
83%
Stockholm
82%
Prague
80%
Vienna
79%
Budapest
73%
Nicosia
73%
Zagreb
72%
Sofia
71%
Bucharest
68%
Valletta
67%
Ljubljana
65%
Riga
64%
Tallinn
64%
Vilnius
64%
Bratislava
61%

Score Distribution

Percentile by Number Answered

Percent of People with Each Score

Your Score History

You have not taken this quiz since the last reset